000 00326nam a22001337a 4500
008 180829b xxu||||| |||| 00| 0 eng d
020 _a1557981043
041 _aeng
080 _a159.9
100 _a49
101 _aPSI
245 _aWOMEN AND DEPRESSION RISK FACTORS AND TREATMENT ISSUES
_cMCGRATH.E
942 _2udc
_cBK
999 _c47404
_d47404